Vlastné náklady a ceny. [Diel] 1, Teória merania nákladov - semináre /

Uložené v:
Podrobná bibliografia
Hlavný autor: Janok, Michal, 1943- (Author)
Médium: Kniha
Jazyk:Slovak
Vydané: Bratislava : Vysoká škola ekonomická, 1977.
Vydanie:1. vyd.
Edícia:Vysokoškolské skriptá
ISBN: (brož.)
Fyzický popis: 248 s. : tb.
Tagy: Pridať tag
Žiadne tagy, Buďte prvý kto otaguje tento záznam!

MARC

LEADER 00000nam a22000001 4500
001 000171877
005 20101022164157.0
008 020118s1977 xo slo d
020 |a (brož.)  |c Kčs 16,00 
040 |a SVKKK  |b slo  |c SVKKK  |e AACR2 
041 0 |a slo 
044 |a xo  |c SK 
100 1 |a Janok, Michal,  |d 1943-  |4 aut 
245 1 0 |a Vlastné náklady a ceny.  |n [Diel] 1,  |p Teória merania nákladov - semináre /  |c Michal Janok. 
246 3 0 |a Teória merania nákladov - semináre 
250 |a 1. vyd. 
260 |a Bratislava :  |b Vysoká škola ekonomická,  |c 1977. 
300 |a 248 s. :  |b tb. 
490 1 |a Vysokoškolské skriptá 
810 2 |a Vysoká škola ekonomická v Bratislave  |b Fakulta národohospodárska  |t Vysokoškolské skriptá 
910 |a svkkk 
998 |a BK 
090 |g SCKHL  |k Sklad Pribinova 3. posch.  |a V.112648  |j 569987  |i 2720146106  |s Absenčne 
090 |g SCKHL  |k Sklad Pribinova 3. posch.  |a V.112649  |j 569988  |i 2720185462  |s Absenčne